KOHA-Header-6

Health psychology : (Record no. 12919)

000 -LEADER
fixed length control field 00650nam a22002295i 4500
001 - CONTROL NUMBER
control field 19342693
003 - CONTROL NUMBER IDENTIFIER
control field MAJU-Karachi
005 - DATE AND TIME OF LATEST TRANSACTION
control field 20210105124958.0
008 - FIXED-LENGTH DATA ELEMENTS--GENERAL INFORMATION
fixed length control field 161020s2017 cau 000 0 eng
010 ## - LIBRARY OF CONGRESS CONTROL NUMBER
LC control number 2016957429
020 ## - INTERNATIONAL STANDARD BOOK NUMBER
International Standard Book Number 9781337094641
040 ## - CATALOGING SOURCE
Original cataloging agency DLC
Language of cataloging eng
Description conventions rda
Transcribing agency DLC
042 ## - AUTHENTICATION CODE
Authentication code pcc
100 1# - MAIN ENTRY--PERSONAL NAME
Personal name Brannon, Linda.
245 10 - TITLE STATEMENT
Title Health psychology :
Remainder of title an introduction to behavior and health /
Statement of responsibility, etc Linda Brannon, Jess Feist, John A. Updegraff.
250 ## - EDITION STATEMENT
Edition statement 9th edition.
263 ## - PROJECTED PUBLICATION DATE
Projected publication date 1701
300 ## - PHYSICAL DESCRIPTION
Extent pages cm
906 ## - LOCAL DATA ELEMENT F, LDF (RLIN)
a 0
b ibc
c orignew
d 2
e epcn
f 20
g y-gencatlg
942 ## - ADDED ENTRY ELEMENTS (KOHA)
Source of classification or shelving scheme
Koha item type Psychology
Holdings
Withdrawn status Lost status Source of classification or shelving scheme Damaged status Not for loan Collection code Permanent Location Current Location Shelving location Date acquired Total Checkouts Total Renewals Full call number Barcode Date last seen Date checked out Price effective from Koha item type
          Psychology MAJU MAJU Shelf No.B35 2021-01-05 6 3 616.001 10041 2025-08-28 2025-08-22 2021-01-05 Psychology

Powered by Koha